Unaccusativity: at the syntax-lexical semantics interface

Guardat en:
Dades bibliogràfiques
Autors principals: Levin, Beth (Autor), Rappaport Hovav, Malka (Autor)
Format: Llibre
Idioma:anglès
Publicat: Cambridge MIT 1995
Col·lecció:Linguistic Inquiry Monographs, 26
Matèries:
Etiquetes: Afegir etiqueta
Sense etiquetes, Sigues el primer a etiquetar aquest registre!

MARC

LEADER 00000nam a2200000 a 4500
001 UCL2149
003 CL-VaPUC
008 031010e19950000US |||||||||||||||||eng|d
020 |a 0262121859 
082 0 4 |a 415  |b LEV  |2 21 
100 |a Levin, Beth  |e author  |9 494032 
700 0 |a Rappaport Hovav, Malka  |e author  |9 479163 
245 1 0 |a Unaccusativity: at the syntax-lexical semantics interface 
300 |a 336 p 
942 |c BK 
945 |d 20031010 00:00:00  |a cmena 
260 |a Cambridge  |b MIT  |c 1995 
650 0 |a Gramática  |9 270497 
650 0 |a Sintaxis  |9 318843 
650 0 |a Semántica  |9 265318 
583 |a last modification  |c 20031010 00:00:00  |k Rodrigo Vera 
490 0 |a Linguistic Inquiry Monographs, 26 
999 |c 305508  |d 305506 
952 |0 0  |1 0  |4 0  |6 415_000000000000000_LEV_1995  |7 0  |8 A  |9 369452  |a FDOPOS  |b FDOPOS  |d 2019-11-21  |i 3950352  |o 415 LEV 1995  |p 3950352  |r 2025-01-22  |w 2019-11-21  |y BK  |k MLA